|
|
|
|
| LEADER |
00000nam a22000007a 4500 |
| 005 |
20200806011050.0 |
| 007 |
cr|||| |||| |
| 008 |
200806s2020 pe |||||s|||| 00||0 spa d |
| 035 |
|
|
|a 32061
|
| 040 |
|
|
|a vLex
|
| 090 |
|
|
|c 10721
|d 10721
|
| 245 |
1 |
0 |
|a Criminologa̕ Comparada
|h [Recurso electrn̤ico] :
|b Enfoque cientf̕ico de la desviacin̤ y la reaccin̤ social en los pas̕es iberoamericanos y Espaą /
|c Gino Ro̕s Patio, Renzo Espinoza Bonifaz, Eugenio Ral︢ Zaffaroni, Guido Leonardo Croxatto, Carolina Di Prs̤pero, Andrea Lombraą, Natalia Ojeda, Alexia Campos, Jorge Nuęz de Arco Mendoza, Germǹ Silva Garca̕, Vc̕tor M. Uribe-Urǹ, Brenda Cielaika Vanegas Len̤, Noelia Aranda Maiz, Iratxe Herrero-Zarate, Juan Antonio Rodrg̕uez, Lizet Zavala Van Oordt, David Vľez, Luz Marina Mňdez Navarro
|
| 256 |
|
|
|a Servicio en ln̕ea
|
| 260 |
|
|
|a Lima:
|b Universidad de San Martin de Porres,
|c 2020
|
| 300 |
|
|
|a 1 recurso electrn̤ico
|
| 506 |
1 |
|
|a Disponible solo en los productos indicados
|d vLex Global
|d vLex Global (Academic Edition, excluding Law Schools)
|d vLex Global (U.S. Academic Edition, Law Schools)
|d vLex Global (U.S. Academic Edition, excluding Law Schools)
|d vLex Global (Academic Edition, Law Schools)
|
| 650 |
0 |
4 |
|a Derecho Penal
|z Per︢
|
| 650 |
0 |
4 |
|a Derecho Pb︢lico y Administrativo
|z Per︢
|
| 700 |
1 |
|
|a Espinoza Bonifaz, Renzo
|
| 700 |
1 |
|
|a Zaffaroni, Eugenio Ral︢
|
| 700 |
1 |
|
|a Croxatto, Guido Leonardo
|
| 700 |
1 |
|
|a Di Prs̤pero, Carolina
|
| 700 |
1 |
|
|a Lombraą, Andrea
|
| 700 |
1 |
|
|a Ojeda, Natalia
|
| 700 |
1 |
|
|a Campos, Alexia
|
| 700 |
1 |
|
|a Nuęz de Arco Mendoza, Jorge
|
| 700 |
1 |
|
|a Silva Garca̕, Germǹ
|
| 700 |
1 |
|
|a Uribe-Urǹ, Vc̕tor M.
|
| 700 |
1 |
|
|a Vanegas Len̤, Brenda Cielaika
|
| 700 |
1 |
|
|a Aranda Maiz, Noelia
|
| 700 |
1 |
|
|a Herrero-Zarate, Iratxe
|
| 700 |
1 |
|
|a Rodrg̕uez, Juan Antonio
|
| 700 |
1 |
|
|a Van Oordt, Lizet Zavala
|
| 700 |
1 |
|
|a Vľez, David
|
| 700 |
1 |
|
|a Mňdez Navarro, Luz Marina
|
| 740 |
0 |
|
|a vLex Libros (Servicio en ln̕ea)
|
| 856 |
4 |
0 |
|u http://vlex.com/source/criminologia-comparada-enfoque-cientifico-de-la-desviacion-y-la-reaccion-social-en-los-paises-iberoamericanos-y-espa-a-32061
|z Acceso restringido
|
| 942 |
|
|
|c BOOK
|
| 999 |
0 |
|
|a Criminal Law
|
| 999 |
0 |
|
|a Public and Administrative Law
|